000 00315nam a2200121Ia 4500
008 190722s9999 xx 000 0 und d
020 _a978-93-325-4549-6
100 _aThomas L.Floyd
245 0 _aElectronic Devices Conventional Current Version
260 _aIndia
_bPearson Edu.
_c2015
300 _a958
942 _cBK
999 _c80
_d80